| 000 | 01057nam a2200229Ia 4500 | ||
|---|---|---|---|
| 003 | Ost | ||
| 005 | 20260507075112.0 | ||
| 008 | 260507s9999||||xx |||||||||||||| ||und|| | ||
| 040 | _cfsecg | ||
| 041 | _aara | ||
| 082 | _a330 | ||
| 100 |
_aعبد الحميد، عبد المطلب _eمؤلف |
||
| 245 | 0 |
_aالنظرية الاقتصادية : _bتحليل جزئي وكلي للمبادئ / _c عبد المطلب عبد الحميد |
|
| 260 |
_aالاسكندرية: _bالدار الجامعية, _c2000 |
||
| 300 |
_a501 صفحة؛ _bإيضاحات ؛ _c24 سم |
||
| 504 | _aببليوغرافيا:ص.7-10 | ||
| 520 | _aمفاهيم أساسية حول النظرية الاقتصادية والنظم الاقتصادية،النظرية الاقتصادية الجزئية(مبادئ التحليل الجزئي)،النظرية الاقتصادية الكلية(مبادئ التحليل الكلي) | ||
| 653 | _aالاقتصاد | ||
| 653 | _aالاقتصاد الجزئي | ||
| 653 | _aالاقتصاد الكلي | ||
| 942 | _cكتاب | ||
| 999 |
_c42923 _d42923 |
||